|
|
|
|
| LEADER |
00871nam a22002412a 4500 |
| 001 |
000091961 |
| 003 |
CZ BrMZK |
| 005 |
20050321105733.0 |
| 008 |
960707s1988 xr f cze d |
| 020 |
|
|
|a 988
|
| 040 |
|
|
|a BOA001
|b cze
|
| 080 |
|
|
|a 002.001:372.854(076):373.54
|2 MRF
|
| 080 |
|
|
|a 002.001:37.041
|2 MRF
|
| 080 |
|
|
|a 37.041:372.854
|2 MRF
|
| 100 |
1 |
|
|a Šimek, Jan,
|c chemik
|
| 245 |
1 |
0 |
|a Práce s informacemi v předmětu chemie na gymnáziu v Telči /
|c Jan Šimek.
|
| 260 |
|
|
|a [Brno?] :
|b Krajský pedagogický ústav,
|c 1988
|
| 300 |
|
|
|a 12 s.
|
| 910 |
|
|
|a BOA001
|b PK-N-0027.397
|
| 964 |
|
|
|a Chemie - práce s informacemi - listy metodické - gymnázia
|
| 964 |
|
|
|a Chemie - počítače - užití didaktické - listy metodické - gymnázia
|
| 990 |
|
|
|a BK
|
| 996 |
7 |
|
|b 3119969889
|c PK-N-0027.397
|l MZK
|r Sklad / do 1 hodiny
|n 0
|w 000091961
|u 000010
|a 1
|e BOA001
|j MZK50
|s A
|